[Event "DEN-ch Seniors"]
[Site "Skorping"]
[Date "2017.04.17"]
[Round "5"]
[White "Kallenbach, Uffe"]
[Black "Jensen, Jorgen M"]
[Result "1-0"]
[WhiteElo "1693"]
[BlackElo "1611"]
[PlyCount "53"]
[EventDate "2017.04.13"]
[EventType "swiss"]
[EventRounds "5"]
[EventCountry "DEN"]
[SourceTitle "EXT 2023"]
[Source "ChessBase"]
[SourceDate "2022.10.05"]
[SourceVersion "1"]
[SourceVersionDate "2022.10.05"]
[SourceQuality "1"]

1. e4 a6 2. d4 b5 3. Bd3 Bb7 4. f4 e6 5. Nf3 c5 6. c3 Nf6 7. Qe2 cxd4 8. Nxd4 Bc5 9. Nd2 Nc6 10. N2b3 Nxd4 11. cxd4 Bb4+ 12. Bd2 Qe7 13. 0-0 Rc8 14. Rac1 0-0 15. a3 Bxd2 16. Nxd2 h6 17. Nb3 d6 18. e5 Nd5 19. exd6 Qxd6 20. Qf2 Rxc1 21. Nxc1 Rc8 22. Nb3 Nf6 23. Nc5 Ba8 24. h3 Nd7 25. Be4 Bxe4 26. Nxe4 Rc4 27. Nxd6 1-0